Obchodná technológia

Gespeichert in:
Bibliographische Detailangaben
Körperschaft: Vysoká škola ekonomická v Bratislave. Obchodná fakulta
Format: Buch
Sprache:Slowakisch
Veröffentlicht: Bratislava Vysoká škola ekonomická 1983
Tags: Tag hinzufügen
Keine Tags, Fügen Sie das erste Tag hinzu!

MARC

LEADER 00000nam a2200000 4500
001 c132211
005 20181219130129.0
041 0 |a slo 
044 |a SK 
245 1 0 |a Obchodná technológia 
264 1 |a Bratislava  |b Vysoká škola ekonomická  |c 1983 
300 |a 223 s. 
710 2 |a Vysoká škola ekonomická v Bratislave. Obchodná fakulta